000 00287nam a22001337a 4500
008 171027b xxu||||| |||| 00| 0 eng d
020 _a9780136014362
041 _aeng
080 _a336
100 _a56
101 _aFIN
245 _aCAPITAL MARKETS
_cFABOZZI.F.J
942 _2udc
_cBK
999 _c36249
_d36249